| 000 | 00388nam a2200133Ia 4500 | ||
|---|---|---|---|
| 008 | 210210b1971 xxu||||| |||| 00| 0 eng d | ||
| 082 | _a374.2 TALL | ||
| 100 | _aTALPALLIKAR (M B). | ||
| 245 | _aLeading group discussions: a handbook for adult education and extension workers. | ||
| 260 |
_aBombay _bPopular Prakashan _c1971 |
||
| 300 | _a48 | ||
| 690 | _aAdult Education | ||
| 906 | _a043122 | ||
| 999 |
_c92672 _d92672 |
||